Microencapsulation : Des sciences aux technologies /
Guardado en:
| Otros Autores: | , , |
|---|---|
| Formato: | Libro |
| Idioma: | French |
| Publicado: |
Paris, France :
Lavoisier : Editions Tec & Doc,
2007.
|
| Materias: | |
| Etiquetas: |
Agregar Etiqueta
Sin Etiquetas, Sea el primero en etiquetar este registro!
|
| LEADER | 00820nam a22002055a 4500 | ||
|---|---|---|---|
| 001 | EIQ.libpla004322 | ||
| 008 | 121219s2007####fr#a#####b####000#0#fre#d | ||
| 005 | 20121219155931.0 | ||
| 245 | 1 | 0 | |a Microencapsulation : |b Des sciences aux technologies / |c Thierry F. Vandamme, Denis Poncelet, Pascale Subra-Paternault, coordonnateurs. |
| 260 | |a Paris, France : |b Lavoisier : |b Editions Tec & Doc, |c 2007. | ||
| 300 | |a xix, 355 p. : |b il. ; |c 24 cm. | ||
| 504 | |a Incluye referencias bibliográficas e índice. | ||
| 020 | |a 9782743009762 | ||
| 700 | 1 | |a Vandame, Thierry F. | |
| 700 | 1 | |a Poncelet, Denis. | |
| 700 | 1 | |a Subra-Paternault, Pascale. | |
| 082 | 0 | 4 | |a 615.19 |2 21 |
| 650 | 7 | |a Microencapsulación |x Aplicaciones industriales | |
| 650 | 7 | |a Microencapsulation |x Industrial applicationes | |
| 859 | |a AR-BbSID |b BIB. PLAPIQUI |h 615.19 |i V28 |p 6179 | ||
